Specialty imaging fundamentals of CEUS (Record no. 83948)

MARC details
000 -LEADER
fixed length control field 00847 a2200265 4500
003 - CONTROL NUMBER IDENTIFIER
control field CBULib
005 - DATE AND TIME OF LATEST TRANSACTION
control field 20240116125334.0
008 - FIXED-LENGTH DATA ELEMENTS--GENERAL INFORMATION
fixed length control field 240116b |||||||| |||| 00| 0 eng d
020 ## - INTERNATIONAL STANDARD BOOK NUMBER
International Standard Book Number 9780323625647
040 ## - CATALOGING SOURCE
Language of cataloging English
Transcribing agency CBULib
Description conventions rda
041 ## - LANGUAGE CODE
Language code of text/sound track or separate title eng
050 ## - LIBRARY OF CONGRESS CALL NUMBER
Classification number RC 78.7 U4 Lys
100 ## - MAIN ENTRY--PERSONAL NAME
Personal name Lyshchik, Andrej
245 ## - TITLE STATEMENT
Title Specialty imaging fundamentals of CEUS
Statement of responsibility, etc / Andrej Lyshchik; Christoph F. Dietrich; Paul S. Sidhu and Stephanie R. Wilson
260 ## - PUBLICATION, DISTRIBUTION, ETC. (IMPRINT)
Name of publisher, distributor, etc Elsevier,
Date of publication, distribution, etc 2019
Place of publication, distribution, etc Manitobba :
300 ## - PHYSICAL DESCRIPTION
Extent xviii, 379 pages : illustrations
336 ## - CONTENT TYPE
Source rdacontent
Content type term Text |
Content type code txt
337 ## - MEDIA TYPE
Source rdamedia
Media type term Unmediated |
Media type code n
338 ## - CARRIER TYPE
Source rdacarrier
Carrier type term Volume
Carrier type code nc
650 #0 - SUBJECT ADDED ENTRY--TOPICAL TERM
9 (RLIN) 1618
Topical term or geographic name as entry element ULTRASONIC IMAGING
700 ## - ADDED ENTRY--PERSONAL NAME
9 (RLIN) 1625
Personal name Dietrich, Christoph F
700 ## - ADDED ENTRY--PERSONAL NAME
9 (RLIN) 1626
Personal name Wilson, Stephanie R
700 ## - ADDED ENTRY--PERSONAL NAME
9 (RLIN) 1627
Personal name Sidhu, Paul S
942 ## - ADDED ENTRY ELEMENTS (KOHA)
Source of classification or shelving scheme
Koha item type MONOGRAPH
Holdings
Withdrawn status Lost status Source of classification or shelving scheme Damaged status Not for loan Collection code Permanent Location Current Location Shelving location Date acquired Source of acquisition Cost, normal purchase price Total Checkouts Full call number Barcode Date last seen Copy number Price effective from Koha item type
          Michael Chilufya Sata Collection CBU-MICHAEL CHILUFYA SATA LIBRARY CBU-MAIN LIBRARY, KITWE. General Stacks 01/16/2024 DON-BOOKAID 157.07   RC 78.7.U4 Lys 905664 01/16/2024 1 01/16/2024 MONOGRAPH
          Michael Chilufya Sata Collection CBU-MICHAEL CHILUFYA SATA LIBRARY CBU-MAIN LIBRARY, KITWE. General Stacks 01/16/2024 DON-BOOKAID 157.07   RC 78.7.U4 Lys 905663 01/16/2024 2 01/16/2024 MONOGRAPH
          Medical Library Collection CBU-SCHOOL OF MEDICINE LIBRARY, NDOLA. CBU-MAIN LIBRARY, KITWE. General Stacks 01/16/2024 DON-BOOKAID 157.07   RC 78.7.U4 Lys 905666 01/16/2024 3 01/16/2024 MONOGRAPH
          Medical Library Collection CBU-SCHOOL OF MEDICINE LIBRARY, NDOLA. CBU-MAIN LIBRARY, KITWE. General Stacks 01/16/2024 DON-BOOKAID 157.07   RC 78.7.U4 Lys 905665 01/16/2024 4 01/16/2024 MONOGRAPH